David (Record no. 12891)
[ view plain ]
| 000 -LEADER | |
|---|---|
| fixed length control field | 00544nam a2200169 4500 |
| 020 ## - ISBN | |
| ISBN | 9780831708269 |
| 082 ## - DEWEY DECIMAL CLASSIFICATION NUMBER | |
| Classification number | 222.43 D2491 [1989] |
| 245 ## - TITLE STATEMENT | |
| Title | David |
| 260 ## - PUBLICATION, DISTRIBUTION, ETC. (IMPRINT) | |
| Place of publication, distribution, etc. | Tokyo |
| Name of publisher, distributor, etc. | Froebel-Kan Co., Ltd. |
| Date of publication, distribution, etc. | [c1989] |
| 300 ## - PHYSICAL DESCRIPTION | |
| Extent/Page number | 1 volume [unpaged] |
| Other physical details | col. ill. |
| Dimensions | 27 x 19 cm. |
| 490 ## - SERIES STATEMENT | |
| Series statement | Famous stories from the Bible |
| 526 ## - STUDY PROGRAM INFORMATION NOTE | |
| PROGRAM TYPE | Religion (men’s faith) |
| SUB-PROGRAM TYPE | Bible |
| 600 ## - SUBJECT ADDED ENTRY--PERSONAL NAME | |
| Personal name | David |
| Fuller form of name | (Biblical character) |
| General subdivision | Juvenile literature |
| 650 ## - SUBJECT ADDED ENTRY--TOPICAL TERM | |
| Topical term or geographic name as entry element | Bible stories--Old Testament |
| 650 ## - SUBJECT ADDED ENTRY--TOPICAL TERM | |
| Topical term or geographic name as entry element | Board book, David (Biblical character) -- Juvenile literature. |
| 942 ## - ADDED ENTRY ELEMENTS | |
| Classification | |
| Item type | Book |
| Withdrawn status | Lost status | Source of classification or shelving scheme | Damaged status | Not for loan | Collection code | Permanent Location | Current Location | Shelving location | Date acquired | Source of acquisition | Cost, normal purchase price | Full call number | Barcode | Date last seen | Price effective from | Item type |
|---|---|---|---|---|---|---|---|---|---|---|---|---|---|---|---|---|
| Circulation | Grade School Library | Grade School Library | Circulation | 2025-03-03 | Budget | 64.50 | 222.43 D2491 [1989] | GS1427 | 2025-03-03 | 2025-03-03 | Book |